[Event "Challenge"]
[Site "http://www.queenalice.com/game.php?id=849472"]
[Date "2010.10.23"]
[Round "-"]
[White "kudabux"]
[Black "coccobill"]
[Result "1/2-1/2"]
[WhiteElo "2207"]
[BlackElo "2059"]

1. e4 e5 2. Nf3 Nc6 3. Bb5 Bc5 4. O-O d6 5. Bxc6+ bxc6 6. h3 Ne7 7. c3 O-O 8. d4
exd4 9. cxd4 Bb6 10. Bg5 Re8 11. Nc3 h6 12. Bh4 Qd7 13. Re1 d5 14. Ne5 Qd6 15.
Qh5 Be6 16. Bxe7 Rxe7 17. Nxc6 Qxc6 18. exd5 Qc4 19. dxe6 Rxe6 20. d5 Rxe1+ 21.
Rxe1 Qf4 22. Qe2 Bc5 23. Ne4 Bb4 24. Rd1 Qe5 25. a3 Bd6 26. g3 Re8 27. Re1 Re7
28. Nc3 Qxe2 29. Rxe2 Rxe2 30. Nxe2 Be5 31. b4 Kf8 32. f4 Bb2 33. a4 Ba3 34. b5
Ke7 35. Kf2 Kd6 36. Nc3 Bb4 37. Na2 Ba5 38. Ke2 Kxd5 39. Kd3 Be1 40. g4 g6 41.
Nc1 h5 42. Nb3 Bg3 43. Ke3 Kc4 44. Nd2+ Kb4 45. gxh5 gxh5 46. Ne4 Bh4 47. Kd4 f5
48. Ng5 Kxa4 49. Ne6 Kxb5 50. Nxc7+ Kc6 51. Na6 Be7 52. Nb8+ Kb7 53. Nd7 a5 54.
Kc4 a4 55. Ne5 Kc7 56. Nf3 Bf6 57. Kb4 Kd6 58. Kxa4 Kd5 59. Nd2 Kd4 60. Kb3 Ke3
61. Nc4+ Kxf4 62. Kc2 Kg3 63. Nd6 f4 64. Ne4+ Kxh3 65. Nxf6 f3 66. Nd5 f2 67.
Ne3 Kg3 68. Kd2 Kf3 69. Nf1 h4 70. Kd3 h3 71. Kd2 Kg2 1/2-1/2

[Event "Challenge"]
[Site "http://www.queenalice.com/game.php?id=850338"]
[Date "2010.10.25"]
[Round "-"]
[White "matamuff"]
[Black "coccobill"]
[Result "1-0"]
[WhiteElo "1772"]
[BlackElo "2083"]

1. b3 e5 2. Bb2 Nc6 3. e3 d6 4. c4 Nf6 5. Nc3 Be7 6. Bd3 O-O 7. Qe2 Nb4 8. Bb1
Re8 9. d3 Bg4 10. f3 Be6 11. a3 Na6 12. Qf2 Nc5 13. Bc2 c6 14. Nge2 Qc7 15. Ng3
Rad8 16. O-O d5 17. cxd5 cxd5 18. b4 Na6 19. Ba4 Bd7 20. Bc2 Rc8 21. Bb3 Be6 22.
d4 exd4 23. exd4 Nb8 24. Nb5 Qb6 25. Nc3 Nc6 26. Na4 Qb5 27. Nc5 Nd8 28. Ba4 Qb6
29. Bxe8 Nxe8 30. Nh5 Bf5 31. Nf4 Nf6 32. g4 Be6 33. g5 Ne8 34. Ncxe6 Nxe6 35.
Nxd5 Qd6 36. Nxe7+ Qxe7 37. f4 Rd8 38. h4 Qd7 39. Rad1 Nd6 40. f5 Nc7 41. d5 b5
42. h5 Nc4 43. Bxg7 Kxg7 44. Qd4+ Kg8 45. Qf6 Ne3 46. h6 Ne8 47. Qd4 Nxf1 48.
Re1 f6 49. gxf6 Qxf5 50. Re2 Nxf6 51. Rg2+ Kh8 52. Rf2 Qg6+ 53. Kxf1 Qb1+ 54.
Kg2 Rg8+ 55. Kf3 Qh1+ 56. Ke3 Qxh6+ 57. Kf3 Rg4 58. Qxg4 Nxg4 59. Kxg4 1-0

[Event "Challenge"]
[Site "http://www.queenalice.com/game.php?id=860729"]
[Date "2010.11.19"]
[Round "-"]
[White "coccobill"]
[Black "Mamonas"]
[Result "1-0"]
[WhiteElo "2061"]
[BlackElo "1796"]

1. e4 c6 2. d4 d5 3. Nd2 g6 4. exd5 Qxd5 5. Nb3 e5 6. Be3 f5 7. dxe5 Qxe5 8. Qd4
Bg7 9. Qxe5+ Bxe5 10. O-O-O Be6 11. Bd4 Nd7 12. Nf3 Bxd4 13. Nbxd4 Bd5 14. Ng5
O-O-O 15. c4 h6 16. cxd5 hxg5 17. dxc6 Nc5 18. cxb7+ Kxb7 19. Bc4 Ne4 20. Rhf1
Rxh2 21. f3 Rc8 22. b3 Nc3 23. Rd2 Nd5 24. Kb2 Ne3 25. Re1 Nxc4+ 26. bxc4 Rxc4
27. Ka3 Rh4 28. Rb1+ Kc8 29. Ne6 Ra4+ 30. Kb2 Rhb4+ 31. Ka1 Rxb1+ 32. Kxb1 Rb4+
33. Kc1 Rb6 34. Nxg5 Kc7 35. Nf7 Rc6+ 36. Kd1 a5 37. Ne5 Rd6 38. Rxd6 Kxd6 39.
Nxg6 Kc5 40. Nf4 Kc4 41. Kc2 Ne7 42. a3 Nc6 43. Ne2 Ne5 44. Nc1 a4 45. Kd2 Kd4
46. Ne2+ Kc4 47. Kc2 Nd3 48. g4 f4 49. g5 Ne1+ 50. Kb2 Nxf3 51. g6 Kd3 52. Nxf4+
Ke4 53. g7 Kxf4 54. g8=Q Ne5 55. Kc3 Ke4 56. Kb4 Kd4 57. Kxa4 Nc4 58. Kb4 Ne5
59. Qc8 Nd3+ 60. Kb5 Ke3 61. a4 Kd2 62. a5 Ne5 63. a6 1-0

[Event "Challenge"]
[Site "http://www.queenalice.com/game.php?id=860730"]
[Date "2010.11.19"]
[Round "-"]
[White "Mamonas"]
[Black "coccobill"]
[Result "0-1"]
[WhiteElo "1795"]
[BlackElo "2055"]

1. Nc3 e5 2. d3 d5 3. Bg5 f6 4. Bh4 Bb4 5. e3 Ne7 6. Qf3 O-O 7. a3 Bxc3+ 8. bxc3
c5 9. Qd1 Qa5 10. Qd2 Nbc6 11. g4 Bxg4 12. f3 Be6 13. Ne2 d4 14. exd4 cxd4 15.
c4 Qxd2+ 16. Kxd2 Rab8 17. f4 e4 18. dxe4 Bxc4 19. Nxd4 Nxd4 20. Bxc4+ Kh8 21.
Rhf1 Rbd8 22. Bd3 Rd7 23. Bf2 Ne6 24. f5 Nf4 25. Bxa7 Nxd3 26. cxd3 Nc6 27. Bc5
Rfd8 28. Rf3 Ne5 29. Bb6 Nc4+ 30. Ke2 Nxb6 31. a4 Rc7 32. Kf2 Rd4 33. a5 Nd7 34.
Kg3 Ne5 35. a6 bxa6 36. Rxa6 Kg8 37. Re3 Rxd3 38. Ra3 Rxe3+ 39. Rxe3 Rd7 40. h4
Rd3 41. Rxd3 Nxd3 42. Kf3 Kf7 43. Ke3 Ne5 44. Kf4 Ke7 45. Ke3 Kd6 46. Kf4 Kc5
47. Ke3 Kc4 48. h5 h6 49. Kf4 Kd3 50. Kg3 Kxe4 0-1

[Event "Challenge"]
[Site "http://www.queenalice.com/game.php?id=861309"]
[Date "2010.11.20"]
[Round "-"]
[White "coccobill"]
[Black "kudabux"]
[Result "1-0"]
[WhiteElo "2052"]
[BlackElo "2168"]

1. e4 c5 2. d4 cxd4 3. c3 dxc3 4. Nxc3 d6 5. Bc4 e6 6. Nf3 Nc6 7. Qe2 Nf6 8. O-O
Be7 9. Rd1 Qc7 10. Bf4 a6 11. Rac1 O-O 12. Bb3 Bd7 13. Nd5 exd5 14. exd5 Qd8 15.
dxc6 Bxc6 16. Nd4 Be4 17. Bc2 d5 18. Bxe4 dxe4 19. Ne6 fxe6 20. Rxd8 Raxd8 21.
Bg5 Rfe8 22. g3 Rc8 23. Rxc8 Rxc8 24. f3 Kf7 25. Bxf6 Bxf6 26. Qxe4 Rc1+ 27. Kg2
Rc6 28. Qxh7 Bxb2 29. Qb1 Rb6 30. h4 Bd4 31. Qe4 Rb2+ 32. Kh3 Bf6 33. f4 a5 34.
Qc4 Rb4 35. Qc7+ Kg6 36. Qxa5 1-0

[Event "Challenge"]
[Site "http://www.queenalice.com/game.php?id=870480"]
[Date "2010.12.11"]
[Round "-"]
[White "coccobill"]
[Black "bonow"]
[Result "0-1"]
[WhiteElo "2073"]
[BlackElo "2123"]

1. e4 c5 2. d4 cxd4 3. c3 Nc6 4. Bc4 Nf6 5. Qe2 e6 6. Nf3 Nxe4 7. Qxe4 d5 8.
Bxd5 Qxd5 9. Qxd5 exd5 10. cxd4 Bg4 11. Ne5 Nxe5 12. dxe5 Bb4+ 13. Nd2 O-O 14.
O-O Rfe8 15. Re1 f6 16. f3 Bf5 17. a3 Bc5+ 18. Kh1 Rxe5 19. Rxe5 fxe5 20. Nf1
Re8 21. g4 Bd3 22. Kg2 e4 23. Be3 Bxf1+ 0-1

[Event "Challenge"]
[Site "http://www.queenalice.com/game.php?id=874199"]
[Date "2010.12.20"]
[Round "-"]
[White "kudabux"]
[Black "coccobill"]
[Result "0-1"]
[WhiteElo "2160"]
[BlackElo "2065"]

1. e4 e5 2. Nf3 Nc6 3. Bb5 Bc5 4. O-O Nf6 5. d3 Nd4 6. Nxd4 Bxd4 7. c3 Bb6 8. a4
c6 9. Bc4 O-O 10. a5 Bc7 11. f4 d5 12. fxe5 Bxe5 13. exd5 cxd5 14. Bb3 Qc7 15.
h3 d4 16. c4 Bd7 17. Nd2 Bf4 18. Ne4 Bh2+ 19. Kh1 Nxe4 20. dxe4 Be5 21. Qd3 Rae8
22. Bd2 Re6 23. Rf3 Rg6 24. Raf1 Be6 25. Bf4 Bxf4 26. Rxf4 Qxa5 27. Qxd4 Rd8 28.
Qe3 Qg5 29. Qf2 f6 30. Kh2 Rd3 31. Rf3 Rd2 32. Qg3 Qxg3+ 33. Rxg3 Rxg3 34. Kxg3
Rxb2 35. Ba4 Rb4 36. Bc2 Rxc4 37. Bb1 b5 38. Rf3 Rc1 0-1

[Event "QA-ANNIV-06"]
[Site "http://www.queenalice.com/game.php?id=885032"]
[Date "2011.1.12"]
[Round "3"]
[White "coccobill"]
[Black "antoniotupan"]
[Result "0-1"]
[WhiteElo "2094"]
[BlackElo "2106"]

1. e4 e5 2. Nf3 Nc6 3. Bc4 Bc5 4. b4 Bxb4 5. c3 Ba5 6. d4 exd4 7. Qb3 Qf6 8. Bd2
dxc3 9. Nxc3 Nge7 10. O-O O-O 11. Rac1 d6 12. h3 Bxh3 13. Bg5 Qg6 14. gxh3 h6
15. Nd5 hxg5 16. Nxe7+ Nxe7 17. Qb5 Nc6 18. Qxb7 g4 19. Nh4 Qg5 20. Qxc6 gxh3+
21. Kh2 Qxh4 22. f3 Qf4+ 23. Kh1 g5 24. Qd7 Rae8 25. Bd5 Kg7 26. Rc2 Bb6 27. Rh2
Rh8 28. Qg4 Rh4 29. Qxf4 gxf4 30. Bc6 Re7 31. Rd1 f5 32. exf5 Kf6 33. Be4 Rh5
34. Bd5 Rg7 35. Be4 Rg3 36. Re1 Rhg5 0-1

[Event "Challenge"]
[Site "http://www.queenalice.com/game.php?id=888550"]
[Date "2011.1.20"]
[Round "-"]
[White "coccobill"]
[Black "Rhy"]
[Result "0-1"]
[WhiteElo "2085"]
[BlackElo "2038"]

1. e4 c5 2. d4 cxd4 3. c3 dxc3 4. Nxc3 Nc6 5. Bc4 e6 6. Nf3 Nf6 7. Qe2 Qc7 8.
Be3 Bb4 9. Rc1 Bxc3+ 10. Rxc3 Nxe4 11. Rc1 O-O 12. O-O d5 13. Bb3 Qd6 14. Rfd1
b6 15. Bc2 f5 16. Nd4 Nxd4 17. Bxd4 e5 18. Bxe5 Qxe5 19. f3 Qxb2 20. fxe4 fxe4
21. Bb3 Qxe2 0-1

[Event "Challenge"]
[Site "http://www.queenalice.com/game.php?id=888551"]
[Date "2011.1.20"]
[Round "-"]
[White "coccobill"]
[Black "ysar"]
[Result "0-1"]
[WhiteElo "2015"]
[BlackElo "2153"]

1. e4 e5 2. Nf3 Nc6 3. Bc4 Bc5 4. b4 Bxb4 5. c3 Ba5 6. d4 exd4 7. Qb3 Qf6 8. O-O
Bb6 9. Bb2 Na5 10. Qa4 Nxc4 11. Qxc4 Qe6 12. Qd3 Nf6 13. e5 Nd5 14. cxd4 O-O 15.
Nbd2 Qg4 16. h3 Qg6 17. Qxg6 hxg6 18. Nc4 Nf4 19. Kh2 d6 20. exd6 Be6 21. Nxb6
cxb6 22. a4 Rfd8 23. Rfd1 Rxd6 24. Bc1 Nd5 25. Ba3 Rdd8 26. Ng5 Bf5 27. Re1 Re8
28. Nf3 f6 29. Bb2 Kf7 30. a5 b5 31. g4 Bd7 32. Red1 Re2 0-1

[Event "Challenge"]
[Site "http://www.queenalice.com/game.php?id=888552"]
[Date "2011.1.20"]
[Round "-"]
[White "ysar"]
[Black "coccobill"]
[Result "0-1"]
[WhiteElo "2161"]
[BlackElo "2005"]

1. e4 e5 2. Nf3 Nc6 3. Bc4 Bc5 4. c3 d6 5. d4 exd4 6. cxd4 Bb6 7. Nc3 Nf6 8. h3
O-O 9. O-O Re8 10. Re1 Bd7 11. Bg5 h6 12. Bh4 g5 13. Bg3 g4 14. hxg4 Bxg4 15.
Qd2 Kg7 16. e5 dxe5 17. Nxe5 Qxd4 18. Qxd4 Bxd4 19. Nxc6 bxc6 20. Bxc7 Rac8 21.
Bg3 Rcd8 22. Kf1 Bxc3 23. bxc3 Re4 24. f3 Rxc4 25. fxg4 Nxg4 26. Rec1 Rd2 27.
Re1 Rxc3 28. Bf4 Rf2+ 0-1

[Event "Challenge"]
[Site "http://www.queenalice.com/game.php?id=891499"]
[Date "2011.1.26"]
[Round "-"]
[White "kudabux"]
[Black "coccobill"]
[Result "1-0"]
[WhiteElo "2107"]
[BlackElo "2027"]

1. d4 Nf6 2. c4 e5 3. dxe5 Ne4 4. a3 Bc5 5. e3 d6 6. Nf3 Bg4 7. Be2 O-O 8. O-O
Qe7 9. b4 Bb6 10. Qc2 Ng5 11. Nxg5 Qxg5 12. Bxg4 Qxg4 13. Bb2 Nc6 14. exd6 cxd6
15. Nd2 Rac8 16. Qd1 Qe6 17. Qe2 Ne5 18. Rac1 Rfe8 19. Rfd1 Rc6 20. Bxe5 Qxe5
21. Nf3 Qe7 22. Rd5 Rec8 23. Qd3 h6 24. h3 a6 25. Nd2 Ba7 26. Rd1 Bb8 27. Ne4
Rxc4 28. Nxd6 Bxd6 29. Rxd6 Rc1 30. Rxc1 Rxc1+ 31. Kh2 Rc8 32. f4 Re8 33. Rd7
Qxe3 34. Qxe3 Rxe3 35. a4 Re4 36. Rxb7 Rxf4 37. Rb8+ Kh7 38. Rb6 f6 39. Kg3 Rc4
40. a5 Kg6 41. Kf3 Kf5 42. Ke3 Ke5 43. Kd3 Kd5 44. g3 Re4 45. Rb7 f5 46. Rd7+
Kc6 47. Rxg7 Rxb4 48. Kc3 Ra4 49. Rg6+ Kd5 50. Rxa6 1-0

[Event "Challenge"]
[Site "http://www.queenalice.com/game.php?id=894591"]
[Date "2011.2.2"]
[Round "-"]
[White "filomenos"]
[Black "coccobill"]
[Result "0-1"]
[WhiteElo "1949"]
[BlackElo "2083"]

1. d4 Nf6 2. g3 e6 3. Bg2 c5 4. Bg5 cxd4 5. Qxd4 Be7 6. Nf3 Nc6 7. Qd1 d6 8. c3
O-O 9. Nbd2 e5 10. O-O Be6 11. Nb3 Qc7 12. Bxf6 Bxf6 13. Qc2 Rac8 14. Rad1 d5
15. Rfe1 Qb6 16. Nfd2 d4 17. Ne4 Be7 18. c4 Nb4 19. Qb1 Bxc4 20. Ned2 Be6 21.
Rc1 f5 22. e3 Rxc1 23. Nxc1 dxe3 24. Rxe3 Bg5 25. Rxe5 Bxd2 26. Bxb7 Bxc1 27.
Qxc1 Nd3 28. Qe3 Nxe5 29. Qxe5 Qxb7 30. Qxe6+ Kh8 31. b3 Rd8 32. Qe1 Qd5 0-1

[Event "Challenge"]
[Site "http://www.queenalice.com/game.php?id=894615"]
[Date "2011.2.2"]
[Round "-"]
[White "coccobill"]
[Black "filomenos"]
[Result "1-0"]
[WhiteElo "2067"]
[BlackElo "1961"]

1. e4 d5 2. exd5 Qxd5 3. d4 Qd8 4. Nf3 g6 5. Bc4 e6 6. O-O Bg7 7. c3 Nf6 8. Bg5
O-O 9. Nbd2 Nbd7 10. Ne5 Qe8 11. Re1 Nxe5 12. dxe5 Nd7 13. Bb5 a6 14. Ba4 b5 15.
Bc2 Nxe5 16. Be4 Nc6 17. Bf4 f5 18. Bd5 Ra7 19. Qf3 Bb7 20. Rxe6 1-0

[Event "Challenge"]
[Site "http://www.queenalice.com/game.php?id=896401"]
[Date "2011.2.5"]
[Round "-"]
[White "coccobill"]
[Black "Rhy"]
[Result "1/2-1/2"]
[WhiteElo "2062"]
[BlackElo "2007"]

1. e4 c5 2. d4 cxd4 3. c3 dxc3 4. Nxc3 Nc6 5. Bc4 e6 6. Nf3 a6 7. O-O Bc5 8. Bf4
b5 9. Bb3 d6 10. Rc1 Nge7 11. Qe2 O-O 12. Rfd1 Ng6 13. Be3 Qc7 14. e5 Ncxe5 15.
Nxe5 Nxe5 16. Ne4 Rd8 17. Nxc5 dxc5 18. Rxd8+ Qxd8 19. Bxc5 Ng6 20. Qf3 Rb8 21.
Rd1 Qg5 22. Bd6 Bb7 23. Qg3 Qxg3 24. Bxg3 Rc8 25. a4 Bd5 26. Bxd5 exd5 27. axb5
axb5 28. Kf1 Rd8 29. Rd4 f5 30. h4 f4 31. Bh2 h5 32. Bxf4 Nxh4 33. Bg5 Nf5 34.
Rd3 Rd7 35. Ke2 Kf7 36. g3 Ke6 37. Rd1 Nd6 38. Bf4 Nf5 39. Kd3 g6 40. Rc1 d4 41.
Rc5 Rd5 42. Rc6+ Kf7 43. Ke4 Rd7 44. Rc7 Rxc7 45. Bxc7 Ke6 46. Bd8 Kd6 47. Bb6
Ke6 48. Bd8 b4 49. b3 Nd6+ 50. Kxd4 Nb7 51. Bb6 g5 52. Ke4 h4 53. gxh4 gxh4 54.
Kf4 Kd6 55. Kg4 Kc6 56. Be3 h3 57. Kxh3 Na5 58. Bd2 Kb5 59. f4 Nxb3 60. Bxb4
Kxb4 61. f5 Nd4 62. f6 1/2-1/2

[Event "Challenge"]
[Site "http://www.queenalice.com/game.php?id=897745"]
[Date "2011.2.8"]
[Round "-"]
[White "coccobill"]
[Black "Ferdyrojo"]
[Result "0-1"]
[WhiteElo "2078"]
[BlackElo "2085"]

1. e4 c6 2. d4 d5 3. Nd2 dxe4 4. Nxe4 Nd7 5. Qe2 Ndf6 6. Nf3 Nxe4 7. Qxe4 Nf6 8.
Qd3 Qa5+ 9. Bd2 Qb6 10. Bc3 e6 11. Be2 Bd6 12. O-O Qc7 13. h3 Nd5 14. Bd2 Nf4
15. Qe3 Nxe2+ 16. Qxe2 b6 17. c4 Bb7 18. Rac1 c5 19. d5 O-O 20. dxe6 Rae8 21.
Ng5 Qc6 22. f4 h6 23. Nxf7 Rxe6 24. Ne5 Bxe5 25. fxe5 Rxf1+ 26. Rxf1 Rxe5 27.
Qf2 Qg6 28. Qf8+ Kh7 29. Rf2 Bc6 30. b3 a5 31. Qf4 Rg5 32. Qh2 Rg3 33. Bf4 Rc3
34. Bd2 Rd3 35. Qf4 Rg3 0-1

[Event "Challenge"]
[Site "http://www.queenalice.com/game.php?id=897746"]
[Date "2011.2.8"]
[Round "-"]
[White "Ferdyrojo"]
[Black "coccobill"]
[Result "1-0"]
[WhiteElo "2101"]
[BlackElo "2060"]

1. e4 e5 2. Nc3 Nc6 3. Nf3 Bc5 4. Nxe5 d6 5. Nxc6 bxc6 6. Bc4 Nf6 7. d4 Bb6 8.
O-O O-O 9. Bg5 h6 10. Bh4 g5 11. Bg3 Re8 12. Re1 d5 13. Bd3 Bxd4 14. e5 Bxc3 15.
bxc3 Ne4 16. Bxe4 dxe4 17. Qh5 Re6 18. Rad1 Qe8 19. Qe2 Qf8 20. Qc4 Rb8 21. Rxe4
Rg6 22. f3 Bf5 23. Re2 Qa3 24. Red2 Rb2 25. Rd8+ Kg7 26. Ra8 Re6 27. Qd4 Qe7 28.
Qxa7 Bxc2 29. Re1 Bg6 30. a4 Qd7 31. Qc5 Qe7 32. Qxe7 Rxe7 33. a5 Rd7 34. e6
fxe6 35. Ra7 Ra2 36. a6 Kf7 37. c4 h5 38. c5 Bc2 39. Be5 Bd1 40. h4 gxh4 41. Kh2
Bc2 42. Ra1 1-0

[Event "Challenge"]
[Site "http://www.queenalice.com/game.php?id=899215"]
[Date "2011.2.12"]
[Round "-"]
[White "Dedey_123"]
[Black "coccobill"]
[Result "0-1"]
[WhiteElo "1442"]
[BlackElo "2081"]

1. e4 e5 2. Qh5 Nc6 3. Nf3 d6 4. Ng5 Nh6 5. Bb5 Bg4 6. Bxc6+ bxc6 7. Qh4 Be7 8.
d3 Qd7 9. O-O f5 10. exf5 Bxf5 11. b4 Nf7 12. Qg3 Bxg5 13. Bxg5 Nxg5 14. Qxg5
O-O 15. f4 exf4 16. Rxf4 Bg6 17. Rxf8+ Rxf8 18. Nc3 Qf7 19. b5 Qf2+ 20. Kh1 Qf1+
21. Rxf1 Rxf1# 0-1

[Event "Challenge"]
[Site "http://www.queenalice.com/game.php?id=899616"]
[Date "2011.2.12"]
[Round "-"]
[White "coccobill"]
[Black "Dedey_123"]
[Result "1-0"]
[WhiteElo "2013"]
[BlackElo "1516"]

1. e4 e5 2. Nf3 Nc6 3. Bc4 Nf6 4. Ng5 d5 5. exd5 Nxd5 6. Nxf7 Qd7 7. Nxh8 Bc5 8.
Qh5+ g6 9. Nxg6 hxg6 10. Qxg6+ Kd8 11. Qg8+ Ke7 12. Qg7+ Kd8 13. Qf8+ Qe8 14.
Qxe8+ Kxe8 15. Bxd5 Nd4 16. Be4 Bf5 17. Bxf5 Nxf5 18. c3 Rd8 19. Ke2 b6 20. d3
a5 21. Nd2 b5 22. Ne4 Bb6 23. Bg5 Rb8 24. g4 Ng7 25. h4 b4 26. Be3 Bxe3 27. Kxe3
bxc3 28. bxc3 Ne6 29. Rab1 Rc8 30. Rb5 c5 31. Nd6+ Kd7 32. Nxc8 Kxc8 33. h5 a4
34. h6 Ng5 35. Rxc5+ Kd7 36. Rxe5 Nh7 37. f4 Kd6 38. g5 a3 39. Ke4 Kd7 40. Kf5
Kd6 41. g6 Nf8 42. h7 Nxh7 43. gxh7 Kd7 44. h8=Q 1-0

[Event "Challenge"]
[Site "http://www.queenalice.com/game.php?id=904589"]
[Date "2011.2.23"]
[Round "-"]
[White "Rhy"]
[Black "coccobill"]
[Result "1-0"]
[WhiteElo "2017"]
[BlackElo "2046"]

1. d4 Nf6 2. Bf4 e6 3. Nf3 c5 4. Nc3 cxd4 5. Nxd4 Bb4 6. Nb5 Nd5 7. Bd6 Nxc3 8.
bxc3 Bxd6 9. Nxd6+ Kf8 10. e3 Qc7 11. Qd2 Nc6 12. Be2 g6 13. O-O Kg7 14. e4 Rf8
15. f4 b6 16. f5 Ne5 17. f6+ Kh8 18. Kh1 1-0

[Event "Challenge"]
[Site "http://www.queenalice.com/game.php?id=904590"]
[Date "2011.2.23"]
[Round "-"]
[White "coccobill"]
[Black "Rhy"]
[Result "0-1"]
[WhiteElo "2029"]
[BlackElo "2033"]

1. e4 e5 2. Nf3 Nc6 3. Bc4 Bc5 4. b4 Bxb4 5. c3 Be7 6. d4 exd4 7. Qb3 Na5 8.
Bxf7+ Kf8 9. Qd5 c6 10. Qf5 Nf6 11. Bb3 d5 12. Qf4 Nxb3 13. axb3 dxe4 14. Nxd4
c5 15. Ne2 Bg4 16. Qd2 Qxd2+ 17. Nxd2 Bxe2 18. Kxe2 Kf7 19. Re1 Rhe8 20. Kf1 Bd6
21. Nc4 Bc7 22. Bg5 b5 23. Ne3 Be5 24. Rac1 h6 25. Bxf6 Bxf6 26. Nd5 Bg5 27. Nc7
Bxc1 28. Nxa8 Bf4 0-1